00410nam a22001217a 4500008004100000020001500041100002200056245010200078260003900180300001900219650002500238650002500263160412b xxu||||| |||| 00| 0 eng d a0333747712 aBugnion, Francois aThe International Committee of the Red cross and the Protection of War Victims cFrancois Bugnion aGenevabMacmillan Publishersc2003 alxviii, 1161p. awar victimsvhistory awar reliefvhistory